| 000 | 00569nam a22001697a 4500 | ||
|---|---|---|---|
| 003 | OSt | ||
| 005 | 20240930141840.0 | ||
| 008 | 240930b |||||||| |||| 00| 0 eng d | ||
| 040 | _c0 | ||
| 082 | _aDPer 050 R22 2000 June -December 2023 v123 no. 7124-728 | ||
| 100 |
_a Stokes, Victoria. _eauthor. _961805 |
||
| 245 |
_aHealth : _bare we facing labelling epidemic? / _cVictoria Stokes. |
||
| 260 |
_aTaipei ; _bReader's Digest Asia, _cJuly 2023. |
||
| 300 |
_aVolume 123, pages 30-35 , _billustration. |
||
| 700 |
_aStokes, Victoria. _eauthor. _961729 |
||
| 942 |
_2ddc _cPER |
||
| 999 |
_c21985 _d21985 |
||